000 00555nam a2200181Ia 4500
003 GCL
008 140319s9999 xx 000 0 eng d
040 _aGCL /
_cGCL
082 0 4 _a320.9
_bC P
100 1 _aCHANDI, HASSAN
245 1 0 _aLA PRATIQUE MAROCAINE DU DROIT DES TRAITES: (ESSAI SUR LE DROIT COMYENTIONNEL MAROCAIN) /
_cCHANDI, HASSAN
700 1 _aCOLLIARD, CLOUDE - ALBERT
260 _a[S.N] :
_bLIBRAIRIE GENERAL DE DROIT TE DE JUVISPM ،
_c1982
300 _a554 P
650 0 4 _aMOROCCO
650 0 4 _aMOROCCO - POLICY
942 _2ddc
_cBK
999 _c20887
_d20887